Qui a dit ? Rap Francophone #1 - Statistiques

Statistiques générales
  • Ce quiz a été pris 40 fois
  • Le résultat moyen est 4 sur 20
Statistiques - réponses
Paroles Artistes % Correct
"2012, j'écoutais L'Apogée sur un BlackBerry noir, banlieusard et rital, fier de mon héritage Nique les racistes, vive mes racines, han Ouvre tes yeux et tes oreilles, c’est moi qui pé-ra, c'est toi qui écoute C'est moi qui achète, c'est toi qui réclame, c'est moi qui régale J'suis moitié Snoop Dogg et à moitié Raekwon" NeS
52%
"Moi, j'ai dû tracer ma route, j'ai dû casser ma routine, assumer les risques Et ma tristesse, je t'avoue, j'y ai pensé deus-pi quand j'suis sorti du Ritz" La Fève
42%
Qui a du feu ? Faut qu’j’en fasse un comme Mufasa
Vaut mieux être seul au sommet qu'être accompagné de fantassins
Qui a des feuilles ? Car il m’en faut
Pour oublier mon frère à Fresnes, et tous ces trucs sentimentaux
Limsa d'Aulnay
32%
"J'invente la new wave comme un médoc de Bayer Tu me dis : "mais t'es où ?", j'caresse saturne (J'caresse saturne)" Luther
29%
"J'parle pas d'ma vie aux gens, j'm'en cogne
J'mens comme un garagiste"
Mairo
26%
"Lame dans la cuisse, tu marches comme Bambi, j'ai les larmes qui viennent Y a pas de "c'est ça le game" qui tienne, y a pas d'traces, j'ai toutes les normes d'hygiène" Ziak
26%
"Ils peuvent trimer autant qu'ils voudront, on sera jamais les mêmes Et mon film préféré, c'est ma vie, j'peux pas regarder la tienne, nan" BU$HI
23%
"Rockstar shit money double ski, dans les shows, han, t'sais qu'on fait feu Y a qu'des maladies qui calment, non y a aucune maladie salvatrice" Jolagreen23
23%
"Ça suce ouvertement, j'me demande comment ces bâtards osent Reconnait quand les vrais cafards posent Attire les milfs qui pop du Atarax, la queue dans l'coquillage comme Flagadoss" Jungle Jack
23%
"En c'moment j'fatigue, ma gueule, j'ai des somnolences même pendant l'sport Un reuf c'est un reuf si tu peux l'appeler en renfort" H Jeunecrack
19%
"J’ai perdu certains par la mort, j’ai perdu certains par la trahison
Mais c’qui est certain c’est qu’les prochains j’sais pas qui ils sont
Et je sais pas lire dans l’avenir mais j’fais d’mon mieux dans leurs yeux
Et devant leurs yeux y a des cils ça ressemble aux barreaux d’une prison"
Selug
19%
"Et si ils m'entourent, j'me fais sauter comme Maine J'étais tout en bas dans le gouffre à la Bane Qu'on m'apporte le raisin à la Big Daddy Kane Y a du brouillard partout, j'aperçois plus la tour" Femtogo
16%
"Et c'est qu'après qu'j'ai compris tout c'que ça a créé J'ai cru voir dans ses deux yeux le pardon, plus tard, j'comprends c'que j'ai vu n'est pas vrai" Wallace Cleaver
16%
"Digi money, fuck school, j’deviens agile
La fougue a fait ma vie
J’suis fuck comme un Navy
J’suis deaf comme Beethoven, fou comme en Asile"
Ajna
13%
"Fruity Loops, noires sont les notes, j'la baise dans l'cul, j'paye pas la dot (no) Dans mes pe-cli, j'fume d'la drogue, je n'ris qu'sous protoxyde d'azote" Damso
13%
"Ceux qui parlent fort, on les a jamais vus payer J'ai viré cette salope et mon gamos, elle a rayé" Hamza
6%
"T’as balance ,les murs de ta propre cité tu dois rasé, t’as peur de t'faire niquer ta race Les mains faites pour l’or mais dites moi ce qu’elles foutent dans la résine" SDM
6%
J’relance toujours les dés comme la madre Quand la muerte veut me persuader De la suivre dans ses méandres La vie, la mort se confondent, c’est à s'y méprendre Disiz
3%
"Pour finir sur la côte, j't'envoie tes fleurs préférées par la poste J'ai trop de cœur et ça me trahit comme McGregor" Jeune Mort
3%
"J'ai le seum et un knife, j'sais pas si j'dois le faire J'sais pas si j'dois tout prendre à cœur ou m'en foutre de cette life" Rouhnaa
3%
Aucun quiz correspondant
Distribution des résultats
% des personnes avec chaque résultat
Percentile par nombre de réponses
Votre historique - résultats
Vous n’avez pas pris ce quiz